Primi missionari paolini in Giappone e in Corea (Record n. 11198)

Dettagli MARC
000 -LEADER
fixed length control field 01002nam a2200193Ia 4500
003 - CONTROL NUMBER IDENTIFIER
control field IT-RoPAU
005 - DATE AND TIME OF LATEST TRANSACTION
control field 20220918175431.0
008 - FIXED-LENGTH DATA ELEMENTS--GENERAL INFORMATION
fixed length control field 120407s9999 xx 000 0 und d
040 ## - CATALOGING SOURCE
Original cataloging agency IT-RoPAU
Transcribing agency 20130214101924.0
040 ## - CATALOGING SOURCE
Transcribing agency IT-RoPAU
100 ## - MAIN ENTRY--PERSONAL NAME
Personal name Bertero, Lorenzo Battista
9 (RLIN) 427
245 ## - TITLE STATEMENT
Title Primi missionari paolini in Giappone e in Corea
Remainder of title Testimonianze raccolte da Eugenio Fornasari.
250 ## - EDITION STATEMENT
Edition statement I
260 ## - PUBLICATION, DISTRIBUTION, ETC. (IMPRINT)
Place of publication, distribution, etc. Alba
Name of publisher, distributor, etc. SSP
Date of publication, distribution, etc. 1986
300 ## - PHYSICAL DESCRIPTION
Dimensions 19,5 cm
Extent 197 p.
490 ## - SERIES STATEMENT
Volume/sequential designation 1
Series statement Editrice San Paolo
520 ## - SUMMARY, ETC.
Summary, etc. Indice<br/><br/>Premessa<br/>Carta d'identità di don Paolo Marcellino<br/><br/>I. 1924-1934 Gli anni nella "casa paterna"<br/>II. In rotta per l'esatremo oriente<br/>III. La missione paolina<br/>IV. I primi anni in missione<br/>V. In pieno ministero sacerdotale<br/>VI. Questuante per il Giappone in USA<br/>VII. Nel vortice della Seconda Guerra Mondiale<br/>VIII. La ricostruzione<br/>IX. Il vocazionario di Fukuoka<br/>X. Il nuovo volto della missione paolina<br/>XI. Nel paese del "calmo mattino"<br/>XII. In memoriam<br/>
942 ## - ADDED ENTRY ELEMENTS (KOHA)
Koha item type LIBRO
Source of classification or shelving scheme Dewey Decimal Classification
Dati di copia
Withdrawn status Lost status Source of classification or shelving scheme Damaged status Not for loan Home library Current library Date acquired Total Checkouts Full call number Date last seen Price effective from Koha item type Public note
    Dewey Decimal Classification Buone Condizioni Not For Loan PAULUS-BIBLIOTECA PAULUS-BIBLIOTECA 11/04/2012   P C2 11/04/2012 11/04/2012 LIBRO  
    Dewey Decimal Classification Buone Condizioni Not For Loan PAULUS-BIBLIOTECA PAULUS-BIBLIOTECA 11/04/2012   P C2 11/04/2012 11/04/2012 LIBRO Inserito da: Valentino In data: n.d. fondo: Fanella - Valentino Progr:29807
    Dewey Decimal Classification Buone Condizioni Not For Loan PAULUS-BIBLIOTECA PAULUS-BIBLIOTECA 22/06/2013   P E1 22/06/2013 22/06/2013 LIBRO  
    Dewey Decimal Classification Buone Condizioni Not For Loan PAULUS-BIBLIOTECA PAULUS-BIBLIOTECA 22/06/2013   P E1 22/06/2013 22/06/2013 LIBRO  
    Dewey Decimal Classification Buone Condizioni Not For Loan PAULUS-BIBLIOTECA PAULUS-BIBLIOTECA 22/06/2013   P E1 22/06/2013 22/06/2013 LIBRO  
    Dewey Decimal Classification Buone Condizioni Not For Loan PAULUS-BIBLIOTECA PAULUS-BIBLIOTECA 22/06/2013   P E1 22/06/2013 22/06/2013 LIBRO  
CREDITS: SOCIETA' SAN PAOLO Via A.Severo, 58 - ROMA (RM) & PERIODICI SAN PAOLO SRL Via Giotto, 36 MILANO & CISF Via Giotto, 36 MILANO & EDIZIONI SAN PAOLO SRL,  Piazza Soncino, 5 CINISELLO BALSAMO (MI) -- ITALY